000 02654nam a2200373 i 4500
001 000016263
003 DO-SdBNP
005 20251120073732.0
007 ta
008 100302s1979 dr 000 0 spa d
040 _aDO-SdBNP
_bspa
_cBNPHU
_erda
049 _a
082 4 _a305.23081
_bS471n
_222
111 2 _aSeminario Nacional Sobre la Niñez en la República Dominicana
_n(1 :
_d1976 : mar. 18-20 :
_cSanto Domingo )
_936325
245 1 3 _aLa niñez dominicana :
_btrabajos del Primer Seminario Nacional Sobre la Niñez en la República Dominicana celebrado en la Universidad Católica Madre y Maestra del 18 al 20 de Marzo de 1976.
_cpresentación, Danilo de los Santos.
264 _aSanto Domingo :
_bUniversidad Católica Madre y Maestra,
_c1979.
300 _a389 páginas ;
_c23 cm.
336 _2rdacontent
_atexto
_btxt
337 _2rdamedia
_asin mediación
_bn
338 _2rdacarrier
_avolumen
_bnc
490 _aEstudios
500 _aIncluye referencias bibliográficas y notas al pie de las páginas
504 _aIncluye bibliografías
505 _aIntroducción -- Palabras de apertura del Primer Seminario sobre la Niñez en la República Dominicana / Mons. Agripino Núñez Collado -- Aspectos psicológicos, biológicos y educativos de la niñez /Josefina Padilla Sánchez , Mechy Hernández, Norma Valdez, Pura Sánchez -- Las necesidades y reacciones de la niñez intermedia desde el punto de vista psicológicos pedagógicos / Grisel del Rosario -- 2da. Infancia (A partir de los 4 años hasta la adolescencia) / Nicolás Oviedo -- El cuidado de los niños en laRepública Dominicana / Rafael Acevedo Pérez -- Aspectos teórico de la salud y la niñez / Robinson Abreu -- Población menor de quince años y mortalidad infantil en la República Dominicana / Francisco A. Moya -- El aspecto de la salud en la Republica Dominicana / Mejico Angeles -- Reflexiones sobre las modalidades familiares en República Dominicana / Dr. Martha Olga García -- Recursos educativos dedicados a la niñez dominicana /Amarilis Pérez de Zapata, Pedro C. Pichardo.
590 _aInventariado,2020/VM
650 4 _aNiños
_977226
_zRepública Dominicana
650 4 _aEducación de niños
_977227
_vCongresos, conferencias, etc..
_x
_zRepública Dominicana
650 4 _aNiños
_977228
_xCuidado e higiene
_vCongresos, conferencias, etc..
_zRepública Dominicana
650 4 _aDerechos del niño
_977229
_vCongresos, conferencias, etc..
_x
_zRepública Dominicana
700 1 _aSantos, Danilo de los,
_d1943-2018
_910278
710 2 _aPontificia Universidad Católica Madre y Maestra
_9843
910 _aVMateo
942 _2ddc
_cLBS1
999 _c15800
_d15800